000 01342nam a2200301Ia 4500
003 OSt
005 20210521153013.0
008 210310s2014 sp a gr 000 0 spa d
020 _a9788436832464
040 _aCO-JMCR
_cCO-JMCR
041 0 _aspa
082 0 4 _a331 /
_bR827e
_223
100 1 _aRuesga, Santos M.,
_eautor
_926422
245 1 0 _aEconomía del trabajo y política laboral /
_cSantos M. Ruesga, José Manuel Lasierra Esteban, Laura Pérez Ortiz, [y otros 2]
250 _aSegunda edición
260 _aMadrid, España :
_bPirámide,
_c2014.
300 _a356 páginas ;
_c24 cm.
490 0 _aEconomía y empresa
501 _aCon: notas a pie de página.
504 _aBibliografía : páginas 341-356.
505 _aTrabajo, empresa y globalización económica. -- Conceptos y definiciones estadísticos en el mercado del trabajo. -- Enfoques teóricos para el análisis del mercado laboral. -- Cualificación de la oferta de trabajo. -- Las instituciones laborales. -- Políticas laborales. -- El futuro del trabajo.
650 1 4 _aFuturo del trabajo
_zEspaña
_937794
650 2 4 _aFlexibilidad laboral
_zEspaña
_937795
650 2 4 _aPolíticas laborales.
_zEspaña
_937796
700 1 _aLasierra Esteban, José Manuel,
_eautor
_926422
700 _aPérez Ortiz, Laura,
_eautora
_937797
942 _2ddc
_cBK
999 _c11778
_d11778